000 01100nam0a22002531 4500
001 rc\392049
005 20030616165422.2
035 _a(NLR Aleph) 005641752
090 _a6676551
_c6676551
100 _a20030616d1989 u |0rusy50 ca
101 0 _arus
102 _aRU
105 _aa |||||||||
200 1 _aПРИМЕНЕНИЕ математических методов для интенсификации технологических процессов в производствах основной химической промышленности
_e[Сб. ст.]
_fПод ред. к. т. н. Н.А. Цейтлина
210 _aХарьков
_cНПО "Карбонат"
_d1989
215 _a164 с.
_cил.
_d19
225 1 _aТруды
_fХарьк. науч.-произв. об-ние "Карбонат" (ХНПО "Карбонат")
_vТ. 68
320 _aБиблиогр. в конце ст.
702 1 _aЦейтлин
_bН. А.
_gНатан Абрамович
_4340
801 0 _aRU
_bNLR
_gpsbo
801 1 _aRU
_bELAR
_2rusmarc
852 _aNLR
_jП10/809
942 _cBOOK
980 _aNB